MARC

LEADER 00000nam0a2200000 4500
001 363342
005 20231102011559.0
035 |a (RuTPU)RU\TPU\retro\20689 
090 |a 363342 
100 |a 20210927d1980 km y0rusy50 ca 
101 0 |a rus 
102 |a MD 
105 |a a z 001zy 
200 1 |a Неадиабатические переходы в сильном электромагнитном поле  |f Академия наук Молдавской ССР, Институт прикладной физики ; под отв. А. В. Чаплик 
210 |a Кишинев  |c Штиинца  |d 1980 
215 |a 175 с.  |c ил. 
320 |a Библиогр. в конце гл. 
606 1 |a Электромагнитное поле  |x (электромагнетизм)  |2 stltpush  |3 (RuTPU)RU\TPU\subj\20157  |9 45278 
606 1 |a Гетеропереходы  |2 stltpush  |3 (RuTPU)RU\TPU\subj\6378  |9 34276 
610 1 |a неадиабатическая теория 
610 1 |a неадиабатическое приближение 
610 1 |a квантовые системы 
610 1 |a квазиклассическое приближение 
610 1 |a явление Стокса 
610 1 |a метод присоединенного уравнения 
610 1 |a нелинейная спектроскопия 
675 |a 537.811  |v 4 
675 |a 538.9  |v 4 
702 1 |a Чаплик  |b А. В.  |4 340 
712 0 2 |a Академия наук Молдавской ССР  |b Институт прикладной физики  |c (Кишинев)  |2 stltpush  |3 (RuTPU)RU\TPU\col\11347  |9 25052 
801 1 |a RU  |b 63413507  |c 20210927 
942 |c BK